000 00700nam a2200193Ia 4500
003 GCL
008 140319s9999 xx 000 0 ara d
040 _aGCL /
_cGCL
082 0 4 _a780.91
_bا م
100 1 _aامين فهمى
245 1 0 _aالموسيقى العربية: طبقا للمناهج الحديثة بالمدارس والمعاهد الموسيقية فى جميع المراحل /
_cامين فهمى
300 _a163 ص
490 _aالهيئة العامة للاستعلامات
_v0
650 0 4 _aالمقامات العربية
650 0 4 _aالموسيقى
650 0 4 _aالموسيقى الغربية
650 0 4 _aالنوتة الموسيقية
942 _2ddc
_cBK
999 _c49959
_d49959